Statistics for Movies Featuring Aliens

Click here to take the quiz!

General Stats

  • This quiz has been taken 306 times
  • The average score is 13 of 20

Answer Stats

HintAnswer% Correct
Reeses Pieces-loving alien wants to phone home.E.T.
98%
The story of a superhero who hails from the planet Krypton.Superman
98%
Sigourney Weaver's cargo ship encounters a new life form.Alien
96%
Two special agents bust aliens trying to steal the "galaxy".Men in Black
90%
The Autobots and Decepticons bring their conflict to Earth.Transformers
90%
An alien hunts humans, including Arnold Schwarzeneggar, for sport.Predator
88%
Jeff Goldblum uploads a virus to the mothership.Independence Day
81%
Vulcans finally notice Earth when Zephram Cochrane tests warp drive.Star Trek: First Contact
73%
Tom Cruise stars in a remake of the classic H.G. Wells story.War of the Worlds
73%
Aliens challenge Earth to an epic basketball game.Space Jam
71%
Massive robots fight aliens that come from deep beneath the sea.Pacific Rim
63%
The truth is out there.The X-Files
53%
007, Indiana Jones and Olivia Wilde save townsfolk abducted by aliens.Cowboys & Aliens
52%
Aliens on Earth are segregated and impoverished.District 9
52%
Jodie Foster is chosen to make first contact with extra-terrestrials.Contact
50%
Visions of a mountain cause dozens to travel there to meet the mothership.Close Encounters of the Third Kind
46%
Bugs attack Argentina! Send in Caspar Van Diem and Denise Richards!Starship Troopers
46%
A predestined alien invasion is stopped by half full glasses of water.Signs
44%
The invasion of Earth is only stopped by a song, "Indian Love Call".Mars Attacks
40%
Alien spores grow into replications of humans in California.Invasion of the Body Snatchers
29%

Score Distribution

Percentile by Number Answered

Percent of People with Each Score

Your Score History

You have not taken this quiz